UM Logo

Misalignment-tolerant dual-transmitter electric vehicle wireless charging system with reconfigurable topologies / (Record no. 19655)

MARC details
000 -LEADER
fixed length control field 01114nam a22002537a 4500
003 - CONTROL NUMBER IDENTIFIER
control field OSt
005 - DATE AND TIME OF LATEST TRANSACTION
control field 20250922163925.0
008 - FIXED-LENGTH DATA ELEMENTS--GENERAL INFORMATION
fixed length control field 240313b ||||| |||| 00| 0 eng d
040 ## - CATALOGING SOURCE
Transcribing agency 0
082 ## - DEWEY DECIMAL CLASSIFICATION NUMBER
Classification number DPer 621.381 In821 August 2022 v. 37 n. 8
100 ## - MAIN ENTRY--PERSONAL NAME
Personal name Zhang, Yiming.
Relator term author.
9 (RLIN) 54534
245 ## - TITLE STATEMENT
Title Misalignment-tolerant dual-transmitter electric vehicle wireless charging system with reconfigurable topologies /
Statement of responsibility, etc. Yiming Zhang, Wenbin Pan, Hui Wang, Zhiwei Shen, Yuanchao Wu, Jiqing Dong, and Xingkui Mao.
260 ## - PUBLICATION, DISTRIBUTION, ETC. (IMPRINT)
Place of publication, distribution, etc. New York ;
Name of publisher, distributor, etc. The Institute of Electrical and Electronics Engineers, Inc. ,
Date of publication, distribution, etc. August 2022.
300 ## - PHYSICAL DESCRIPTION
Extent Volume 37, pages 8816-8819 ;
Other physical details illustration ;
Dimensions 28 cm.
500 ## - GENERAL NOTE
General note IEEE Transitions on Power Electronics, v. 37 n. 8, pages 8816-8819, August 2022.
700 ## - ADDED ENTRY--PERSONAL NAME
Personal name Zhang, Yiming.
Relator term author.
9 (RLIN) 54534
700 ## - ADDED ENTRY--PERSONAL NAME
Personal name Pan, Wenbin.
Relator term author.
9 (RLIN) 54536
700 ## - ADDED ENTRY--PERSONAL NAME
Personal name Wang, Hui.
Relator term author.
9 (RLIN) 54538
700 ## - ADDED ENTRY--PERSONAL NAME
Personal name Shen, Zhiwei.
Relator term author.
9 (RLIN) 54540
700 ## - ADDED ENTRY--PERSONAL NAME
Personal name Wu, Yuanchao.
Relator term author.
9 (RLIN) 54542
700 ## - ADDED ENTRY--PERSONAL NAME
Personal name Dong, Jiqing.
Relator term author.
9 (RLIN) 54544
700 ## - ADDED ENTRY--PERSONAL NAME
Personal name Mao, Xingku.
Relator term author.
9 (RLIN) 54545
942 ## - ADDED ENTRY ELEMENTS (KOHA)
Source of classification or shelving scheme Dewey Decimal Classification
Koha item type Periodicals
Holdings
Withdrawn status Lost status Source of classification or shelving scheme Damaged status Not for loan Collection code Home library Current library Date acquired Total Checkouts Full call number Date last seen Price effective from Koha item type Public note
    Dewey Decimal Classification     Periodicals UM Digos College - LIC UM Digos College - LIC 03/13/2024   DPer 621.381 In821 August 2022 v. 37 n. 8 03/13/2024 03/13/2024 Periodicals Periodical Article